[Event "Irkutsk Region-ch"]
[Site "Irkutsk"]
[Date "2017.10.28"]
[Round "9"]
[White "Domarovsky, Sergey"]
[Black "Ulienkov, Vladimir"]
[Result "0-1"]
[WhiteElo "1894"]
[BlackElo "1951"]
[PlyCount "38"]
[EventDate "2017.10.21"]
[EventType "swiss"]
[EventRounds "9"]
[EventCountry "RUS"]
[SourceTitle "CBM 181 Extra"]
[Source "ChessBase"]
[SourceDate "2017.12.12"]
[SourceVersion "1"]
[SourceVersionDate "2017.12.12"]
[SourceQuality "1"]

1. e4 e5 2. Nf3 Nf6 3. Nc3 Bb4 4. d3 d5 5. exd5 Nxd5 6. Bd2 Nxc3 7. Bxc3 Bxc3+ 8. bxc3 0-0 9. Be2 Nc6 10. 0-0 f6 11. Qb1 Ne7 12. Qb4 Nd5 13. Qc4 Be6 14. Rfe1 Qd7 15. Qb3 Nf4 16. Qxb7 Bd5 17. Qa6 Qg4 18. Bf1 Bxf3 19. g3 Nh3+ 0-1

[Event "Irkutsk Region-ch"]
[Site "Irkutsk"]
[Date "2017.10.26"]
[Round "7"]
[White "Obolenskikh, Dmitry Aleksandrovi"]
[Black "Ulienkov, Vladimir"]
[Result "1-0"]
[WhiteElo "2539"]
[BlackElo "1951"]
[PlyCount "63"]
[EventDate "2017.10.21"]
[EventType "swiss"]
[EventRounds "9"]
[EventCountry "RUS"]
[SourceTitle "CBM 181 Extra"]
[Source "ChessBase"]
[SourceDate "2017.12.12"]
[SourceVersion "1"]
[SourceVersionDate "2017.12.12"]
[SourceQuality "1"]

1. d4 Nf6 2. c4 e6 3. Nc3 Bb4 4. e3 b6 5. Nge2 Bb7 6. a3 Bd6 7. Qd3 Be7 8. Ng3 0-0 9. Be2 d6 10. 0-0 Nbd7 11. b3 g6 12. e4 e5 13. Bh6 Re8 14. d5 Nc5 15. Qc2 Bc8 16. b4 Ncd7 17. f3 Kh8 18. Qd2 Ng8 19. Be3 Nf8 20. Bd3 g5 21. Bc2 Ng6 22. Ba4 Rf8 23. Bc6 Rb8 24. a4 a6 25. a5 bxa5 26. b5 axb5 27. Nxb5 Ba6 28. Rxa5 Bxb5 29. cxb5 Bf6 30. Ra7 Nf4 31. Qa5 Rb6 32. Rxc7 1-0

[Event "Irkutsk Region-ch"]
[Site "Irkutsk"]
[Date "2017.10.21"]
[Round "1"]
[White "Kuzmin, Ilya"]
[Black "Ulienkov, Vladimir"]
[Result "1-0"]
[WhiteElo "2214"]
[BlackElo "1951"]
[PlyCount "89"]
[EventDate "2017.10.21"]
[EventType "swiss"]
[EventRounds "9"]
[EventCountry "RUS"]
[SourceTitle "CBM 181 Extra"]
[Source "ChessBase"]
[SourceDate "2017.12.12"]
[SourceVersion "1"]
[SourceVersionDate "2017.12.12"]
[SourceQuality "1"]

1. d4 Nf6 2. c4 g6 3. f3 d5 4. cxd5 Nxd5 5. e4 Nb6 6. Nc3 Bg7 7. Be3 Nc6 8. d5 Ne5 9. f4 Ned7 10. a4 a5 11. Nf3 0-0 12. Qb3 Nf6 13. Rd1 e6 14. d6 Nbd7 15. e5 Ng4 16. Bg1 cxd6 17. Rxd6 Qc7 18. Bb5 Nh6 19. Rd2 Nc5 20. Qc4 b6 21. Bxc5 bxc5 22. Ne4 Bb7 23. Qxc5 Rac8 24. Qxc7 Rxc7 25. Nd6 Bxf3 26. gxf3 Rc1+ 27. Rd1 Rxd1+ 28. Kxd1 Rd8 29. Kc2 g5 30. fxg5 Nf5 31. Nxf5 exf5 32. Re1 Rd5 33. e6 fxe6 34. Rxe6 Rd4 35. Bd3 Rf4 36. Ra6 Rxa4 37. Bxf5 Rc4+ 38. Kd3 Rc5 39. Be6+ Kf8 40. Ra8+ Ke7 41. Ra7+ Kxe6 42. Rxg7 Kf5 43. h4 Rb5 44. Kc2 h6 45. Rf7+ 1-0

[Event "Bratsk Region-ch sf"]
[Site "Bratsk"]
[Date "2015.04.26"]
[Round "2"]
[White "Ulienkov, Vladimir"]
[Black "Sevryuk, Sergey"]
[Result "0-1"]
[WhiteElo "1927"]
[BlackElo "2110"]
[PlyCount "58"]
[EventDate "2015.04.25"]
[EventType "swiss"]
[EventRounds "9"]
[EventCountry "RUS"]
[SourceTitle "CBM 166 Extra"]
[Source "ChessBase"]
[SourceDate "2015.06.18"]
[SourceVersion "1"]
[SourceVersionDate "2015.06.18"]
[SourceQuality "1"]

1. e4 e5 2. Nf3 Nc6 3. Bc4 Nf6 4. d3 Be7 5. 0-0 d6 6. h3 h6 7. Nc3 g5 8. Nh2 Na5 9. Bd5 c6 10. Bxf7+ Kxf7 11. b4 Be6 12. bxa5 Qxa5 13. Ne2 Rag8 14. Bd2 Qc7 15. Qc1 Qd7 16. h4 gxh4 17. f4 Bh3 18. Rf2 Bxg2 19. f5 Bxe4+ 20. Kf1 Bxf5 21. Bxh6 Rg6 22. Bg5 Rh5 23. Nf3 Ng4 24. Bxe7 Kxe7 25. Nxh4 Rxh4 26. Rg2 Rh1+ 27. Ng1 Ne3+ 28. Qxe3 Bh3 29. Ke1 Rxg2 0-1

[Event "Bratsk-ch"]
[Site "Bratsk"]
[Date "2015.03.11"]
[Round "1"]
[White "Ulienkov, Vladimir"]
[Black "Sevryuk, Sergey"]
[Result "0-1"]
[WhiteElo "1927"]
[BlackElo "2110"]
[PlyCount "53"]
[EventDate "2015.03.11"]
[EventType "tourn"]
[EventRounds "11"]
[EventCountry "RUS"]
[SourceTitle "CBM 165 Extra"]
[Source "ChessBase"]
[SourceDate "2015.04.21"]
[SourceVersion "1"]
[SourceVersionDate "2015.04.21"]
[SourceQuality "1"]

1. e4 e5 2. Nf3 Nc6 3. Bc4 Nf6 4. Ng5 d5 5. exd5 Na5 6. d3 h6 7. Nf3 Bd6 8. Nbd2 0-0 9. h3 b5 10. Bxb5 Nxd5 11. Nc4 c6 12. Nxd6 Qxd6 13. Ba4 Qg6 14. Bd2 e4 15. Bxa5 exf3 16. Qxf3 Re8+ 17. Kf1 Re6 18. Bc3 Nxc3 19. bxc3 Rf6 20. Qe4 Bf5 21. Qh4 Re8 22. f3 Rfe6 23. g4 Bxd3+ 24. cxd3 Qxd3+ 25. Kg2 Re2+ 26. Qf2 Rxf2+ 27. Kxf2 0-1

[Event "Bratsk-ch"]
[Site "Bratsk"]
[Date "2014.03.18"]
[Round "11"]
[White "Solovjov, Alexandr"]
[Black "Ulienkov, Vladimir"]
[Result "1-0"]
[WhiteElo "2190"]
[BlackElo "1974"]
[PlyCount "61"]
[EventDate "2014.03.10"]
[EventType "tourn"]
[EventRounds "15"]
[EventCountry "RUS"]
[SourceTitle "CBM 159 Extra"]
[Source "ChessBase"]
[SourceDate "2014.04.24"]
[SourceVersion "1"]
[SourceVersionDate "2014.04.24"]
[SourceQuality "1"]

1. e4 e5 2. Nf3 Nf6 3. Nxe5 d6 4. Nf3 Nxe4 5. d4 Be7 6. h3 0-0 7. Bd3 Nf6 8. c4 Re8 9. 0-0 Nbd7 10. Nc3 Nf8 11. Qc2 Ng6 12. Bd2 Bd7 13. Rfe1 c6 14. b4 Qc8 15. Kh2 Qc7 16. Kg1 Bf8 17. Bg5 Nh5 18. Ne2 Be7 19. g4 Nf6 20. Ng3 d5 21. Ne5 Bxb4 22. Re3 Ne4 23. Nxe4 dxe4 24. Bxe4 Rxe5 25. dxe5 Qxe5 26. Rb1 Bd6 27. Bxg6 Qh2+ 28. Kf1 hxg6 29. Qe4 Be6 30. Rxb7 Bc5 31. Bf4 1-0

[Event "Bratsk-ch"]
[Site "Bratsk"]
[Date "2014.03.13"]
[Round "5"]
[White "Ulienkov, Vladimir"]
[Black "Podsevny, Alexander"]
[Result "1-0"]
[WhiteElo "1974"]
[BlackElo "2003"]
[PlyCount "87"]
[EventDate "2014.03.10"]
[EventType "tourn"]
[EventRounds "15"]
[EventCountry "RUS"]
[SourceTitle "CBM 159 Extra"]
[Source "ChessBase"]
[SourceDate "2014.04.24"]
[SourceVersion "1"]
[SourceVersionDate "2014.04.24"]
[SourceQuality "1"]

1. e4 c5 2. Nf3 g6 3. h3 Bg7 4. c3 Nf6 5. e5 Nd5 6. Bc4 Nb6 7. Bb3 c4 8. Bc2 Nc6 9. d4 cxd3 10. Bxd3 Qc7 11. 0-0 Nxe5 12. Nxe5 Qxe5 13. Re1 Qc7 14. Bg5 e6 15. Qf3 0-0 16. h4 d5 17. Bf6 Bh6 18. Be5 Qe7 19. Qg3 Rd8 20. Na3 Bd7 21. Bd6 Qe8 22. h5 Rdc8 23. Nc2 Bb5 24. hxg6 hxg6 25. Bxb5 Qxb5 26. Nd4 Qd7 27. Nxe6 Nc4 28. Bf4 Bxf4 29. Nxf4 Nxb2 30. Qg5 Qf5 31. Qxf5 gxf5 32. Nxd5 Rc5 33. Re5 Kg7 34. Rxf5 Na4 35. c4 Rxc4 36. Re1 Nc5 37. Re7 Rf8 38. Rg5+ Kh6 39. Rg3 Rc1+ 40. Kh2 Rc2 41. Ne3 Rxa2 42. Nf5+ Kh7 43. Rg7+ Kh8 44. Re3 1-0

[Event "Irkutsk Baykal op"]
[Site "Irkutsk"]
[Date "2013.06.05"]
[Round "5"]
[White "Khungueva, Olga"]
[Black "Ulienkov, Vladimir"]
[Result "1-0"]
[WhiteElo "1997"]
[BlackElo "1955"]
[PlyCount "45"]
[EventDate "2013.06.01"]
[EventType "swiss"]
[EventRounds "9"]
[EventCountry "RUS"]
[SourceTitle "CBM 155 Extra"]
[Source "ChessBase"]
[SourceDate "2013.08.26"]
[SourceVersion "1"]
[SourceVersionDate "2013.08.26"]
[SourceQuality "1"]

1. d4 Nf6 2. c4 g6 3. f3 d5 4. cxd5 Nxd5 5. e4 Nb6 6. Nc3 Bg7 7. Be3 Nc6 8. Bb5 Bd7 9. Nge2 0-0 10. Bxc6 Bxc6 11. d5 Bd7 12. Bd4 e5 13. Bc5 Re8 14. b3 Nc8 15. Qd2 Qh4+ 16. Bf2 Qe7 17. h4 h5 18. Be3 a6 19. Bg5 Qb4 20. 0-0 Nd6 21. Nc1 Nb5 22. Nxb5 Bxb5 23. Qxb4 1-0

[Event "Irkutsk Baykal op"]
[Site "Irkutsk"]
[Date "2013.06.04"]
[Round "4"]
[White "Sechkin, Alexandr"]
[Black "Ulienkov, Vladimir"]
[Result "0-1"]
[WhiteElo "1828"]
[BlackElo "1955"]
[PlyCount "70"]
[EventDate "2013.06.01"]
[EventType "swiss"]
[EventRounds "9"]
[EventCountry "RUS"]
[SourceTitle "CBM 155 Extra"]
[Source "ChessBase"]
[SourceDate "2013.08.26"]
[SourceVersion "1"]
[SourceVersionDate "2013.08.26"]
[SourceQuality "1"]

1. d4 Nf6 2. Nf3 g6 3. c4 Bg7 4. Nc3 d5 5. e3 0-0 6. Be2 c5 7. 0-0 cxd4 8. exd4 Nc6 9. h3 Bf5 10. a3 Rc8 11. Bf4 a6 12. Ne5 dxc4 13. Nxc6 Rxc6 14. Bf3 Rb6 15. Na4 Rb5 16. Be2 Rd5 17. Be5 b5 18. Nc3 Rd7 19. Bf3 Qb6 20. g4 Bd3 21. Re1 e6 22. Qc1 Ne8 23. d5 exd5 24. Nxd5 Qd8 25. Bxg7 Nxg7 26. Nb4 Qf6 27. Bg2 Rd6 28. Nd5 Qd4 29. Ne7+ Kh8 30. Nc6 Qc5 31. Ne5 f5 32. Re3 Be4 33. f4 Rd1+ 34. Qxd1 Qxe3+ 35. Kh1 Qxh3+ 0-1

[Event "Irkutsk Baykal op"]
[Site "Irkutsk"]
[Date "2013.06.03"]
[Round "3"]
[White "Ulienkov, Vladimir"]
[Black "Besedin, Anatoly"]
[Result "1/2-1/2"]
[WhiteElo "1955"]
[BlackElo "2035"]
[PlyCount "115"]
[EventDate "2013.06.01"]
[EventType "swiss"]
[EventRounds "9"]
[EventCountry "RUS"]
[SourceTitle "CBM 155 Extra"]
[Source "ChessBase"]
[SourceDate "2013.08.26"]
[SourceVersion "1"]
[SourceVersionDate "2013.08.26"]
[SourceQuality "1"]

1. Nf3 f5 2. d4 Nf6 3. g3 g6 4. Bg2 Bg7 5. 0-0 0-0 6. c4 d6 7. Qb3 h6 8. h4 Nc6 9. d5 Ne5 10. Na3 a6 11. Nc2 Nxf3+ 12. exf3 b5 13. cxb5 axb5 14. Nd4 Bd7 15. Rd1 Rb8 16. Be3 Kh8 17. Ne2 Be8 18. Rac1 Bf7 19. f4 c5 20. Qd3 Qa5 21. a3 Nd7 22. b4 Qb6 23. h5 c4 24. Qc2 Qa6 25. Bd4 Qxa3 26. hxg6 Bxg6 27. Ra1 Qb3 28. Qxb3 cxb3 29. Bxg7+ Kxg7 30. Rab1 Nb6 31. Nd4 Kf6 32. Rxb3 Nc4 33. Rbb1 Rfc8 34. Ra1 Rb7 35. Re1 Bf7 36. Nxf5 Nb6 37. Ne3 Rc3 38. Red1 Rb3 39. Rab1 Rxb1 40. Rxb1 Rc7 41. Rd1 Rc3 42. Bf1 Rb3 43. Rd4 Rb1 44. Kg2 Be8 45. Ng4+ Kg7 46. Ne3 Kf6 47. Re4 Bd7 48. Be2 Re1 49. Kf3 Rb1 50. Rd4 Rb3 51. Kg2 Rb2 52. Bf1 Rb1 53. Nd1 Nxd5 54. Rxd5 Bc6 55. Nc3 Rxb4 56. Bxb5 Rxb5 57. Nxb5 Bxd5+ 58. f3 1/2-1/2

[Event "Irkutsk Baykal op"]
[Site "Irkutsk"]
[Date "2013.06.02"]
[Round "2"]
[White "Ulienkov, Vladimir"]
[Black "Baraeva, Irina"]
[Result "1-0"]
[WhiteElo "1955"]
[BlackElo "2168"]
[PlyCount "73"]
[EventDate "2013.06.01"]
[EventType "swiss"]
[EventRounds "9"]
[EventCountry "RUS"]
[SourceTitle "CBM 155 Extra"]
[Source "ChessBase"]
[SourceDate "2013.08.26"]
[SourceVersion "1"]
[SourceVersionDate "2013.08.26"]
[SourceQuality "1"]

1. d4 d5 2. c4 dxc4 3. Nf3 Nf6 4. Qa4+ Nc6 5. Qxc4 e6 6. g3 Bb4+ 7. Bd2 Bxd2+ 8. Nbxd2 0-0 9. Bg2 Qd5 10. 0-0 Ne4 11. e3 Nd6 12. Qe2 Qb5 13. Qxb5 Nxb5 14. Rac1 Bd7 15. a4 Nd6 16. Ne5 Nb8 17. Nxd7 Nxd7 18. Rxc7 Nb6 19. a5 Nd5 20. Bxd5 exd5 21. Rc5 Ne4 22. Nxe4 dxe4 23. Rc7 b6 24. a6 f5 25. Rfc1 Rf7 26. Rb7 Kf8 27. Rcc7 Rxc7 28. Rxc7 h6 29. h3 g6 30. Kg2 g5 31. f3 b5 32. Rc5 exf3+ 33. Kxf3 Kg7 34. Rxf5 Rb8 35. Rc5 Kg6 36. Rc6+ Kg7 37. Rc7+ 1-0

[Event "Sibiria Region-ch"]
[Site "Irkutsk"]
[Date "2010.05.19"]
[Round "6"]
[White "Ulienkov, Vladimir"]
[Black "Nuki, Nikita"]
[Result "0-1"]
[WhiteElo "1996"]
[BlackElo "1812"]
[PlyCount "136"]
[EventDate "2010.05.15"]
[EventType "swiss"]
[EventRounds "9"]
[EventCountry "RUS"]
[SourceTitle "CBM 136 Extra"]
[Source "ChessBase"]
[SourceDate "2010.07.02"]
[SourceVersion "2"]
[SourceVersionDate "2010.07.15"]
[SourceQuality "1"]

1. d4 d5 2. c4 c6 3. Nf3 Nf6 4. g3 e6 5. Bg2 Be7 6. Qd3 Nbd7 7. 0-0 0-0 8. Nc3 Re8 9. Bf4 dxc4 10. Qxc4 Nd5 11. Bd2 N7b6 12. Qb3 a5 13. a4 Nxc3 14. bxc3 Nd7 15. e4 Qb6 16. Qc2 Bd6 17. e5 Be7 18. Ng5 g6 19. h4 Qd8 20. Ne4 Qc7 21. Bg5 Bf8 22. Qd2 b6 23. Bf6 Ba6 24. Rfe1 Bc4 25. h5 Bd5 26. hxg6 hxg6 27. Bg5 Reb8 28. Nd6 Bxg2 29. Kxg2 Bxd6 30. exd6 Qxd6 31. Rh1 Qd5+ 32. f3 f6 33. Be3 Kg7 34. g4 Rh8 35. Bh6+ Kf7 36. Be3 c5 37. c4 Qd6 38. d5 exd5 39. Bf4 Ne5 40. cxd5 Rad8 41. Rhd1 g5 42. Bg3 Rh6 43. Ra3 Rdh8 44. Re3 Rh3 45. Qe1 R3h7 46. Qc3 Rh3 47. Qe1 R8h7 48. f4 Nxg4 49. Re6 Rxg3+ 50. Qxg3 Qxf4 51. Qxf4 gxf4 52. Kf3 Ne3 53. Rb1 Nxd5 54. Rd6 Rh3+ 55. Kg4 Rg3+ 56. Kh4 Rg5 57. Rd1 Nc3 58. Rd7+ Kg6 59. R1d6 Nxa4 60. Rc7 f3 61. Rcc6 Rf5 62. Rd8 f2 63. Rc7 Rf3 64. Kg4 f5+ 65. Kh4 Rh3+ 66. Kxh3 f1Q+ 67. Kg3 f4+ 68. Kg4 Qg2+ 0-1

[Event "Sibiria Region-ch"]
[Site "Irkutsk"]
[Date "2010.05.17"]
[Round "4"]
[White "Samdanov, Samdan"]
[Black "Ulienkov, Vladimir"]
[Result "1-0"]
[WhiteElo "2027"]
[BlackElo "1996"]
[PlyCount "63"]
[EventDate "2010.05.15"]
[EventType "swiss"]
[EventRounds "9"]
[EventCountry "RUS"]
[SourceTitle "CBM 136 Extra"]
[Source "ChessBase"]
[SourceDate "2010.07.02"]
[SourceVersion "2"]
[SourceVersionDate "2010.07.15"]
[SourceQuality "1"]

1. d4 Nf6 2. c4 g6 3. g3 Bg7 4. Bg2 d5 5. cxd5 Nxd5 6. Nc3 Nxc3 7. bxc3 0-0 8. e3 c5 9. Ne2 Nc6 10. 0-0 Bg4 11. h3 Bxe2 12. Qxe2 Qc7 13. Ba3 cxd4 14. cxd4 Rfe8 15. Rfc1 Qd7 16. Qb5 a6 17. Qd5 Qc8 18. Qb3 Qd7 19. Rab1 Na5 20. Qb4 Qd8 21. Rc5 Nc6 22. Qa4 b5 23. Qc2 Na5 24. Bxa8 Qxa8 25. Bb4 Nc4 26. a4 Nd6 27. d5 Qb7 28. Rc7 Qxd5 29. Bxd6 Qxd6 30. axb5 axb5 31. Rxb5 Be5 32. Rc6 1-0

[Event "Berdsk Maestro op 15th"]
[Site "Berdsk"]
[Date "2009.07.13"]
[Round "6"]
[White "Artemiev, Vladislav"]
[Black "Ulienkov, Vladimir"]
[Result "1/2-1/2"]
[WhiteElo "2099"]
[BlackElo "2026"]
[PlyCount "112"]
[EventDate "2009.07.08"]
[EventType "swiss"]
[EventRounds "9"]
[EventCountry "RUS"]
[SourceTitle "EXT 2022"]
[Source "ChessBase"]
[SourceDate "2021.10.06"]
[SourceVersion "1"]
[SourceVersionDate "2021.10.06"]
[SourceQuality "1"]

1. d4 Nf6 2. c4 g6 3. Nc3 d5 4. Nf3 Bg7 5. Bg5 c6 6. Bxf6 Bxf6 7. cxd5 cxd5 8. e3 0-0 9. Be2 Nc6 10. 0-0 Rb8 11. Qb3 Be6 12. Rac1 Qd6 13. Nd2 a6 14. Na4 b5 15. Nc5 Na5 16. Qa3 Nc4 17. Bxc4 bxc4 18. b3 cxb3 19. Ndxb3 Bd7 20. Qa5 Bb5 21. Rfe1 e5 22. Qd2 exd4 23. Nxd4 Bc4 24. Ndb3 Bxb3 25. Nxb3 Rb4 26. Rcd1 Rd8 27. h3 Qb6 28. Qd3 Ra4 29. Rd2 Rc4 30. Red1 a5 31. Nc1 Rc3 32. Qf1 Qc6 33. Ne2 Rc2 34. Qe1 Qc4 35. Nf4 Rxd2 36. Qxd2 Bc3 37. Qd3 Qxd3 38. Rxd3 Rc8 39. Nxd5 Bb4 40. Nxb4 Rc1+ 41. Kh2 axb4 42. Rd2 Kf8 43. Rb2 Ra1 44. g4 h6 45. Kg3 Ke7 46. Rxb4 Rxa2 47. Rb8 Kf6 48. Rg8 Ra5 49. h4 Rb5 50. f4 h5 51. gxh5 Rxh5 52. Kg4 Rb5 53. e4 Rb3 54. h5 gxh5+ 55. Kxh5 Rb1 56. Rg3 Re1 1/2-1/2

[Event "Sibiria Region-ch"]
[Site "Irkutsk"]
[Date "2009.05.16"]
[Round "9"]
[White "Ulienkov, Vladimir"]
[Black "Bondarchuk, Sergei"]
[Result "1/2-1/2"]
[WhiteElo "2058"]
[BlackElo "2314"]
[PlyCount "105"]
[EventDate "2009.05.10"]
[EventType "swiss"]
[EventRounds "9"]
[EventCountry "RUS"]
[SourceTitle "CBM 130 Extra"]
[Source "ChessBase"]
[SourceDate "2009.07.02"]
[SourceVersion "2"]
[SourceVersionDate "2009.07.15"]
[SourceQuality "1"]

1. d4 d5 2. c4 c6 3. Nf3 Nf6 4. g3 Bf5 5. Nc3 e6 6. Bg2 Nbd7 7. 0-0 dxc4 8. Bg5 Be7 9. a4 h6 10. Bf4 Nd5 11. Nd2 Nxf4 12. gxf4 Qc7 13. e4 Bg6 14. Qf3 Qb6 15. Qe3 Qb4 16. a5 0-0 17. Ra4 Qd6 18. Nxc4 Qc7 19. Rc1 Rfe8 20. e5 Rac8 21. Ne4 Bxe4 22. Bxe4 g6 23. Raa1 Nb8 24. Nd2 Qd7 25. Nb3 Na6 26. Rd1 Red8 27. Bf3 Kh7 28. Nc5 Bxc5 29. dxc5 Qe7 30. Rd6 Nb4 31. Qd2 Nd5 32. Bxd5 cxd5 33. b4 a6 34. Ra3 Rg8 35. Rg3 Rg7 36. Qd3 Qe8 37. Rb6 Rc7 38. Qf3 Qa4 39. Kg2 Qd7 40. Rd6 Qb5 41. Rb6 Qa4 42. h4 Qc2 43. Qd3 Qc1 44. Qf3 Qb1 45. Qd3 Qc1 46. Qe3 Qc4 47. Qd2 Qe4+ 48. Kh2 Qc4 49. Rd6 Qe4 50. Rd8 Qc4 51. h5 g5 52. fxg5 Rxg5 53. f4 1/2-1/2

[Event "Sibiria Region-ch"]
[Site "Irkutsk"]
[Date "2009.05.11"]
[Round "3"]
[White "Ulienkov, Vladimir"]
[Black "Dondukov, Sengdorji"]
[Result "0-1"]
[WhiteElo "2058"]
[BlackElo "2280"]
[PlyCount "50"]
[EventDate "2009.05.10"]
[EventType "swiss"]
[EventRounds "9"]
[EventCountry "RUS"]
[SourceTitle "CBM 130 Extra"]
[Source "ChessBase"]
[SourceDate "2009.07.02"]
[SourceVersion "2"]
[SourceVersionDate "2009.07.15"]
[SourceQuality "1"]

1. d4 d5 2. c4 c6 3. Nf3 Nf6 4. g3 Bg4 5. Bg2 e6 6. 0-0 Nbd7 7. b3 Bd6 8. Bb2 0-0 9. Ne5 Bf5 10. Nd3 b5 11. Ba3 Bxa3 12. Nxa3 Qa5 13. Qc1 bxc4 14. bxc4 Bxd3 15. exd3 Rab8 16. Nc2 Qc3 17. a3 a5 18. Rd1 Rb2 19. Rd2 Rfb8 20. a4 h6 21. Bf1 e5 22. Ra3 Rb1 23. Qxb1 Qxd2 24. Qa2 Ng4 25. Ne3 Rb2 0-1

[Event "Irkutsk Region-ch final"]
[Site "Irkutsk"]
[Date "2008.11.05"]
[Round "12"]
[White "Ulienkov, Vladimir"]
[Black "Goriachkin, Viktor"]
[Result "1-0"]
[WhiteElo "2101"]
[BlackElo "2117"]
[PlyCount "91"]
[EventDate "2008.10.25"]
[EventType "tourn"]
[EventRounds "13"]
[EventCountry "RUS"]
[SourceTitle "EXT 2022"]
[Source "ChessBase"]
[SourceDate "2021.10.06"]
[SourceVersion "1"]
[SourceVersionDate "2021.10.06"]
[SourceQuality "1"]

1. d4 Nf6 2. c4 e6 3. Nf3 b6 4. g3 Ba6 5. b3 d5 6. Bg2 Be7 7. 0-0 0-0 8. Bb2 Bb7 9. Nbd2 Nbd7 10. Re1 c5 11. cxd5 exd5 12. Ng5 Ng4 13. Nh3 f5 14. Nf4 Ndf6 15. Ne6 Qd7 16. Nxf8 Rxf8 17. h3 Nh6 18. Nf3 Ne4 19. e3 Qe6 20. Ne5 Bd6 21. Nd3 Bc6 22. Rc1 Qg6 23. Nf4 Qf7 24. dxc5 bxc5 25. Qh5 Qe7 26. Rcd1 Be5 27. Bxe5 Qxe5 28. Bf1 Kh8 29. Bg2 Nf6 30. Qe2 g5 31. Nd3 Qe7 32. Qc2 Nd7 33. Rc1 Ba8 34. Nxc5 Ne5 35. Nd3 Nd7 36. Qc7 Ng8 37. Nc5 Ngf6 38. Nxd7 Nxd7 39. Qxa7 Qe6 40. Qd4+ Kg8 41. Rc7 f4 42. Rec1 fxg3 43. fxg3 Nf6 44. b4 Nh5 45. g4 Nf6 46. b5 1-0

[Event "Irkutsk Region-ch final"]
[Site "Irkutsk"]
[Date "2008.11.04"]
[Round "11"]
[White "Kiselyov, Sergei"]
[Black "Ulienkov, Vladimir"]
[Result "1-0"]
[WhiteElo "2134"]
[BlackElo "2101"]
[PlyCount "75"]
[EventDate "2008.10.25"]
[EventType "tourn"]
[EventRounds "13"]
[EventCountry "RUS"]
[SourceTitle "EXT 2022"]
[Source "ChessBase"]
[SourceDate "2021.10.06"]
[SourceVersion "1"]
[SourceVersionDate "2021.10.06"]
[SourceQuality "1"]

1. c4 Nf6 2. Nf3 g6 3. Nc3 d5 4. Qa4+ Bd7 5. Qb3 Bc6 6. Ne5 d4 7. Nxc6 bxc6 8. Nb1 Nbd7 9. d3 Nc5 10. Qc2 a5 11. g3 e5 12. Bg2 Ra6 13. 0-0 Bg7 14. Nd2 0-0 15. b3 Re8 16. Ba3 Nfd7 17. Rfb1 Ne6 18. Rf1 c5 19. Rae1 Kh8 20. e4 g5 21. Bh3 Nef8 22. Bf5 Rh6 23. f3 Ng6 24. Rf2 Bf8 25. Nf1 Bd6 26. Bc1 Ngf8 27. Qd2 Be7 28. Qxa5 Nb8 29. Qd2 Ra6 30. Qd1 Nc6 31. Rg2 Nb4 32. Ree2 Qa8 33. a3 Nc6 34. Ref2 Ng6 35. f4 gxf4 36. Bxg6 fxg3 37. Rxf7 hxg6 38. Qg4 1-0

[Event "Irkutsk Region-ch final"]
[Site "Irkutsk"]
[Date "2008.11.02"]
[Round "9"]
[White "Shelk, Alexander"]
[Black "Ulienkov, Vladimir"]
[Result "1-0"]
[WhiteElo "2362"]
[BlackElo "2101"]
[PlyCount "67"]
[EventDate "2008.10.25"]
[EventType "tourn"]
[EventRounds "13"]
[EventCountry "RUS"]
[SourceTitle "EXT 2022"]
[Source "ChessBase"]
[SourceDate "2021.10.06"]
[SourceVersion "1"]
[SourceVersionDate "2021.10.06"]
[SourceQuality "1"]

1. d4 Nf6 2. c4 g6 3. Nc3 d5 4. Bg5 Ne4 5. Bh4 Nxc3 6. bxc3 Bg7 7. e3 0-0 8. cxd5 Qxd5 9. Bxe7 Re8 10. Ba3 Nc6 11. Nf3 Bg4 12. Be2 Bxf3 13. gxf3 Nxd4 14. Kf1 Qa5 15. Bb4 Qb6 16. exd4 Qe6 17. h3 a5 18. Ba3 b6 19. Qc2 a4 20. Rd1 Ra5 21. Qe4 Qd7 22. Qd3 Rh5 23. f4 Rh4 24. Qg3 Bf6 25. d5 Qf5 26. Bc1 Qc2 27. Qd3 Qxa2 28. Be3 Qa3 29. d6 cxd6 30. Qxd6 Qxc3 31. Kg2 Bg7 32. Qd7 Rf8 33. Qxa4 g5 34. Rc1 1-0

[Event "Irkutsk Region-ch final"]
[Site "Irkutsk"]
[Date "2008.10.31"]
[Round "7"]
[White "Bobarykin, Dmitry"]
[Black "Ulienkov, Vladimir"]
[Result "1-0"]
[WhiteElo "2258"]
[BlackElo "2101"]
[PlyCount "77"]
[EventDate "2008.10.25"]
[EventType "tourn"]
[EventRounds "13"]
[EventCountry "RUS"]
[SourceTitle "EXT 2022"]
[Source "ChessBase"]
[SourceDate "2021.10.06"]
[SourceVersion "1"]
[SourceVersionDate "2021.10.06"]
[SourceQuality "1"]

1. c4 Nf6 2. Nc3 d5 3. cxd5 Nxd5 4. Nf3 g6 5. Qa4+ Nc6 6. Ne5 Nxc3 7. dxc3 Bd7 8. Nxd7 Qxd7 9. e4 Ne5 10. Qxd7+ Nxd7 11. Bf4 0-0-0 12. Bc4 e6 13. Bg5 Re8 14. 0-0-0 Bc5 15. f3 h6 16. Bf4 g5 17. Bd2 Ne5 18. Be2 Ng6 19. b4 Bd6 20. g3 f5 21. Kc2 f4 22. Be1 Rhf8 23. Bf2 a6 24. g4 Be7 25. a4 Rd8 26. a5 Rxd1 27. Rxd1 Bf6 28. b5 axb5 29. Bxb5 c6 30. Bc4 Re8 31. Bb6 Ne5 32. Be2 Bd8 33. Bd4 Nf7 34. a6 bxa6 35. Bxa6+ Kd7 36. Bc5+ Kc7 37. Rb1 Nd6 38. e5 Nb5 39. c4 1-0

[Event "Irkutsk Region-ch final"]
[Site "Irkutsk"]
[Date "2008.10.29"]
[Round "5"]
[White "Lesin, Danil"]
[Black "Ulienkov, Vladimir"]
[Result "1-0"]
[WhiteElo "2252"]
[BlackElo "2101"]
[PlyCount "50"]
[EventDate "2008.10.25"]
[EventType "tourn"]
[EventRounds "13"]
[EventCountry "RUS"]
[SourceTitle "EXT 2022"]
[Source "ChessBase"]
[SourceDate "2021.10.06"]
[SourceVersion "1"]
[SourceVersionDate "2021.10.06"]
[SourceQuality "1"]

1. d4 Nf6 2. c4 g6 3. Nc3 d5 4. Nf3 Bg7 5. Bg5 c6 6. e3 Nbd7 7. Qb3 dxc4 8. Bxc4 0-0 9. e4 b5 10. Be2 Qa5 11. e5 Nd5 12. 0-0 e6 13. a4 bxa4 14. Rxa4 Qb6 15. Qc2 a5 16. Rfa1 Nb4 17. Qd2 Ba6 18. Rxa5 Bb7 19. Rxa8 Rxa8 20. Rxa8+ Bxa8 21. Na4 Qa5 22. b3 c5 23. dxc5 Nxc5 24. Bd8 Nxb3 25. Bxa5 Nxd2 1-0